| 000 | 00862cam a2200205 4500 | ||
|---|---|---|---|
| 001 | WB@3612-842 | ||
| 008 | 040708n2004 000 0 eng u | ||
| 035 | _a(Sirsi) u126741 | ||
| 245 | _aCarpool lanes for busy motorways? | ||
| 260 | _c2004 | ||
| 490 |
_aDfT News Release _v2004/0077 6 July 2004 (2) |
||
| 520 | _aThe government is looking at introducing high occupancy vehicle, or carpool lanes, in a pilot scheme aimed at cutting congestion and improving journey times on motorways. The sites earmarked for consideration are: M62 junction 25 to 27; M3 junction 3 to 2; M1 junction 13 to 7 and; M61 junction 6 to 3. http://www.dft.gov.uk/pns/DisplayPN.cgi?pn_id=2004 _0077 | ||
| 590 | _aWB | ||
| 590 | _aWB | ||
| 650 | _aTRAFFIC CONGESTION | ||
| 650 | _aMOTORWAYS | ||
| 650 | _aCAR SHARING | ||
| 690 | _aTRANSPORT AND COMMUNICATION | ||
| 942 | _n0 | ||
| 999 |
_c117673 _d117673 |
||